02958namaa2200457uu 4500001001000000003000600010005001700016006001900033007001500052008004100067020001800108020001800126020001800144020001800162024003100180040001700211041000800228042000700236072001600243720002200259245003900281260002700320300003100347336002600378337002600404338003600430490002500466506005100491520153600542540006302078546001202141650003202153653006202185720002602247720002202273720002902295720002502324793001802349856011602367999001702483doab90725oapen20260305123950.0m o d cr|mn|---annan220804s2023 xx |||||o ||| 0|eng d a9780367349028 a9780429328657 a9780429328657 a97810323060637 a10.4324/97804293286572doi aoapencoapen0 aeng adc 7aJKV2bicssc1 aJohns, Diana4aut00aCo-production and Criminal Justice bTaylor & Francisc2023 a1 online resource (160 p.) atextbtxt2rdacontent acomputerbc2rdamedia aonline resourcebcr2rdacarrier1 aCriminology in Focus0 aFree-to-readfUnrestricted online access2star aThis book explores practical examples of co-production in criminal justice research and practice. Through a series of seven case studies, the authors examine what people do when they co-produce knowledge in criminal justice contexts: in prisons and youth detention; with criminalised women; from practitioners' perspectives; and with First Nations communities. Co-production holds a promise: that people whose lives are entangled in the criminal justice system can be valued as participants and partners, helping to shape how the system works. But how realistic is it to imagine criminal justice 'service users' participating, partnering, and sharing genuine decision-making power with those explicitly holding power over them? Taking a sophisticated yet accessible theoretical approach, the authors consider issues of power, hierarchy and different ways of knowing to understand the perils and possibilities of co-production under the shadow of 'justice'. In exploring these complexities, the book brings cautious optimism to co-production partners and project leaders. This book provides a foundational text for scholars and practitioners seeking to apply co-production principles in their research and practice. With stories from Australia, the UK and Ireland, the text will appeal to the international community. For students of criminology and social work, especially practitioners and/or those with lived experience of criminal justice entanglement, the book's critical insights will enhance their work in the field. aAll rights reserveduhttp://oapen.org/content/about-rights aEnglish 7aCrime & criminology2bicssc aCo-production; prisons; criminal justice; youth detention1 aFlynn, Catherine4aut1 aHall, Maggie4aut1 aSpivakovsky, Claire4aut1 aTurner, Shelley4aut0 aDOAB Library.40uhttps://directory.doabooks.org/handle/20.500.12854/9072570zFree-to-read: DOAB: description of the publication c93015d93015